000 00263pab a2200109 454500
008 180718b xxu||||| |||| 00| 0 eng d
100 _aShafi, Sayed S
245 _aCrisis in the air and ground
650 _aEnvironment
773 _aFinancial Express
909 _a21746
999 _c21746
_d21746